Fast forward (Record no. 90677)
[ view plain ]
| 000 -LEADER | |
|---|---|
| fixed length control field | 01687nam a22003254a 4500 |
| 082 04 - DEWEY DECIMAL CLASSIFICATION NUMBER | |
| Classification number | 658.4/02 |
| 100 1# - MAIN ENTRY--AUTHOR NAME | |
| Personal name | Murray, Elspeth J., |
| 245 10 - TITLE STATEMENT | |
| Title | Fast forward |
| 260 ## - PUBLICATION, DISTRIBUTION, ETC. (IMPRINT) | |
| Place of publication | Oxford ; |
| -- | New York : |
| Name of publisher | Oxford University Press, |
| Year of publication | 2002. |
| 300 ## - PHYSICAL DESCRIPTION | |
| Number of Pages | x, 268 p. : |
| Other physical details | ill. |
| 505 0# - FORMATTED CONTENTS NOTE | |
| Formatted contents note | Making change happen fast -- Establishing the ten winning conditions -- Translating change into action -- Building rapid decision-making capabilities -- Launching the new strategic plan -- Rapid value creation from acquisitions -- Rapid new venture creation and introduction -- Rapid introduction of new information systems -- Turnaround : getting back on track fast -- Mobilizing for culture change -- What next? |
| 650 #0 - SUBJECT ADDED ENTRY--TOPICAL TERM | |
| Topical Term | Organizational change. |
| Topical Term | Strategic planning. |
| 700 1# - ADDED ENTRY--PERSONAL NAME | |
| Personal name | Richardson, Peter R., |
| 856 40 - ELECTRONIC LOCATION AND ACCESS | |
| Uniform Resource Identifier | http://site.ebrary.com/lib/rucke/Doc?id=10142411 |
No items available.
